| 000 | 00560nam a2200241Ia 4500 | ||
|---|---|---|---|
| 008 | 210210b2010 xxu||||| |||| 00| 0 eng d | ||
| 020 | _a8121917875 | ||
| 041 | _aeng | ||
| 082 | _a546 PRAA | ||
| 100 | _aPRAKASH (Satya) | ||
| 245 | _aAdvanced inorganic chemistry V II | ||
| 260 |
_aNew Delhi _bS. Chand & Co. Ltd. _c2010 |
||
| 300 | _axiii-656 | ||
| 440 | _aII | ||
| 650 | _aV | ||
| 650 | _ainorganic | ||
| 650 | _aII | ||
| 650 | _achemistry | ||
| 650 | _aAdvanced | ||
| 690 | _aInorganic Chemistry | ||
| 700 | _aTULI (G D) | ||
| 906 | _a065761 | ||
| 999 |
_c146499 _d146499 |
||